| 000 | 00428nam a2200133 4500 | ||
|---|---|---|---|
| 999 |
_c513006 _d513006 |
||
| 008 | 200108b ||||| |||| 00| 0 eng d | ||
| 100 |
_aRam, Shailesh Kumar _915223 |
||
| 245 | _aGanthabandhan ke daur mei syathyi evam asyathyi sarkaro ka vivechnatmak aadyan | ||
| 260 | _bLok Prashasan | ||
| 300 | _a11(2), Jul-Dec, 2019: p.189-197. | ||
| 773 | _aLok Prashasan | ||
| 906 | _aCoalition governments - India | ||
| 942 |
_2ddc _cAR |
||